Hopping mad / (Record no. 3287)

MARC details
000 -LEADER
fixed length control field 01121cam a22003377a 4500
001 - CONTROL NUMBER
control field 3287
003 - CONTROL NUMBER IDENTIFIER
control field FISKH
005 - DATE AND TIME OF LATEST TRANSACTION
control field 20240223134703.0
008 - FIXED-LENGTH DATA ELEMENTS--GENERAL INFORMATION
fixed length control field 100527s2010 nyua 000 1 eng
010 ## - LIBRARY OF CONGRESS CONTROL NUMBER
LC control number 2010929646
020 ## - INTERNATIONAL STANDARD BOOK NUMBER
International Standard Book Number 9781416993957 (pbk.)
020 ## - INTERNATIONAL STANDARD BOOK NUMBER
International Standard Book Number 1416993959 (pbk.)
020 ## - INTERNATIONAL STANDARD BOOK NUMBER
International Standard Book Number 9780545344883
040 ## - CATALOGING SOURCE
Original cataloging agency DLC
Transcribing agency DLC
Language of cataloging eng
050 00 - LIBRARY OF CONGRESS CALL NUMBER
Classification number MLCS 2012/42167 (P)
082 ## - DEWEY DECIMAL CLASSIFICATION NUMBER
Classification number 514
100 1# - MAIN ENTRY--PERSONAL NAME
Personal name Dixon, Franklin W.
245 10 - TITLE STATEMENT
Title Hopping mad /
Statement of responsibility, etc. by Franklin W. Dixon ; illustrated by Scott Burroughs.
250 ## - EDITION STATEMENT
Edition statement First Scholastic printing, February 2011
260 ## - PUBLICATION, DISTRIBUTION, ETC.
Place of publication, distribution, etc. New York :
Name of publisher, distributor, etc. Scholastic,
Date of publication, distribution, etc. 2010
300 ## - PHYSICAL DESCRIPTION
Extent 84 pages :
Other physical details illustrations ;
Dimensions 20 cm
490 0# - SERIES STATEMENT
Series statement The Hardy Boys secret files ;
Volume/sequential designation Book 4
505 ## - FORMATTED CONTENTS NOTE
Formatted contents note N<br/>
520 ## - SUMMARY, ETC.
Summary, etc. Young Frank and Joe Hardy enlist the help of their friends to solve a mysterious case involving a large number of frogs.
521 8# - TARGET AUDIENCE NOTE
Target audience note 580<br/>
Source Lexile <br/>
521 8# - TARGET AUDIENCE NOTE
Target audience note N<br/>
Source Raz-Plus <br/>
650 ## - SUBJECT ADDED ENTRY--TOPICAL TERM
Topical term or geographic name entry element Hardy Boys
Form subdivision Fiction
General subdivision Mystery
700 1# - ADDED ENTRY--PERSONAL NAME
Personal name Burroughs, Scott,
Relator term illustrator
906 ## - LOCAL DATA ELEMENT F, LDF (RLIN)
a 7
b cbc
c orignew
d 4
e epcn
f 20
g y-gencatlg
942 ## - ADDED ENTRY ELEMENTS (KOHA)
Source of classification or shelving scheme Dewey Decimal Classification
Koha item type Books
Suppress in OPAC No
Holdings
Withdrawn status Lost status Source of classification or shelving scheme Damaged status Not for loan Collection Home library Current library Shelving location Date acquired Total Checkouts Full call number Barcode Date last seen Price effective from Koha item type
    Dewey Decimal Classification     Juvenile Fiction Footprints International School Library Network Toul Kork Campus Footprints International School Library Network Toul Kork Campus TK Primary Library Room(4th Floor), Bookcase 3&4, Shelves 17-32, Yellow Books 02/23/2024   DIX 514 FISTK00437 02/23/2024 02/23/2024 Books